000 00695nam a2200229 a 4500
001 52456
003 BD-RjUL
005 20211209075817.0
008 160920s1974 -rua|||| |||| 001 0 eng d
035 _a(BD-RjUL)52576
040 _aBD-RjUL
_beng
_cBD-RjUL
041 _aeng
082 _223
_a621.381
_bYEP 1974
100 _aYepifanov, G.
_9156917
245 _aPhysical principles of microelectronics /
_cG. Yepifanov ; translated from the Russian by Boris Kuznetsov.
260 _aMoscow :
_bMir Publishers,
_c1974.
300 _a317 p. :
_bill. ;
_c23 cm.
500 _aIncludes index.
650 _aMicroelectronics.
_9117194
700 _aKuznetsov, Boris
_9151140
942 _2ddc
_cBK
999 _c52456
_d52456